Movies Quiz

Random Movies or Quote Quiz
Score 0/15 Timer 05:00
1 Play Today
Question Answer Wrong Answers
Which is the correct quote from Terminator 2: Judgment Day? Hasta la vista, baby.
93.8%
Hasta la bye bye, baby.
1.6%
Which is the correct quote from Gone With the Wind? Frankly, my dear, I don't give a damn.
92.4%
Frankly, Scarlett, I don't give a damn.
7.5%
Which is the correct quote from Dirty Dancing? Nobody puts Baby in a corner.
91.9%
Nobody puts me in a corner like a baby.
3.5%
Which is the correct quote from Scarface? Say 'hello' to my little friend!
91.2%
Say 'goodnight' to my little friend!
5.1%
Which is the correct quote from Bonnie and Clyde? We rob banks.
81%
We're bank robbers.
15.4%
Which is the correct quote from A Streetcar Named Desire? I have always depended on the kindness of strangers.
77.5%
I have always depended on the kindness of others.
18.2%
Which is the correct quote from Psycho? A boy's best friend is his mother.
76.5%
A man's best friend is his mother.
20.1%
Which is the correct quote from King Kong? Oh, no, it wasn't the airplanes. It was Beauty killed the Beast.
72.1%
Oh, no, it wasn't the airplanes. It was Love killed the Beast.
23.4%
Which is the correct quote from Soylent Green? Soylent Green is people!
71.1%
Soylent Green is beautiful!
24.4%
Which is the correct quote from The Wizard of Oz? Toto, I've a feeling we're not in Kansas anymore.
67%
Toto, I don't think we're in Kansas anymore.
32.8%
Which is the correct quote from Casablanca? Play it, Sam. Play 'As Time Goes By.'
60%
Play it again Sam. Play 'As Time Goes By.'
38.9%
Which is the correct quote from Knute Rockne All American? Tell 'em to go out there with all they got and win just one for the Gipper.
52.8%
Tell 'em to go out there give it their all and win one more for the Gipper.
43.7%
Which is the correct quote from Field of Dreams? If you build it, he will come.
51%
If you build it, they will come.
46.8%
Which is the correct quote from All About Eve? Fasten your seatbelts. It's going to be a bumpy night.
42.3%
Fasten your seatbelts. It's going to be a bumpy ride.
55.8%
Which is the correct quote from Sons of the Desert? Well, here's another nice mess you've gotten me into!
19.3%
Well, here's another fine mess you've gotten me into!
76.6%
Remove Ads.
Support Sporcle.
Get the best of Sporcle when you Go Orange. This ad-free experience offers more features, more stats, and more fun while also helping to support Sporcle. Thank you for becoming a member.

You're not logged in!

Compare scores with friends on all Sporcle quizzes.
OR
Log In

Show Comments

Extras

Top Quizzes Today


Score Distribution

Your Account Isn't Verified!

In order to create a playlist on Sporcle, you need to verify the email address you used during registration. Go to your Sporcle Settings to finish the process.

Report this User

Report this user for behavior that violates our Community Guidelines.

Details: